Normal view
MARC view
Entry Topical Term
001 - CONTROL NUMBER
- control field: 64731
003 - CONTROL NUMBER IDENTIFIER
- control field: BI-BuBU
005 - DATE AND TIME OF LATEST TRANSACTION
- control field: 20130114163054.0
008 - FIXED-LENGTH DATA ELEMENTS
- fixed length control field: 130114|||a|||||| | ||| d
040 ## - CATALOGING SOURCE
- Original cataloging agency: BI-BuBU
- Transcribing agency: BI-BuBU
150 ## - HEADING--TOPICAL TERM
- Topical term or geographic name as entry element: Eaux. pollution. Impact. Kamenge (rivière) : Eau. pollution. Ntahangwa (Rivière
670 ## - SOURCE DATA FOUND
- Source citation: Work cat.: (BI-BuBU): aut Miburo, Jean-Baptiste 64730, Contribution à l'étude de l'impact de la pollution des eaux de la rivière Kamenge sur celle de la rivière Ntahangwa, 2009
670 ## - SOURCE DATA FOUND
- Source citation: Work cat.: (BI-BuBU): aut Miburo, Jean-Baptiste 64730, Contribution à l'étude de l'impact de la pollution des eaux de la rivière Kamenge sur celle de la rivière Ntahangwa, 2009